| 000 | 00982cab a2200253 4500 | ||
|---|---|---|---|
| 001 | ABS53738 | ||
| 008 | 090401t1995 xxu||||| |||| 00| 0 eng d | ||
| 035 | _a(Sirsi) u6319 | ||
| 041 | _aeng | ||
| 100 | _aLane, C. | ||
| 245 | _aEnough to drive you loco | ||
| 260 | _c1995 | ||
| 350 | _a0 | ||
| 490 |
_aProperty Week _v53(4) 26 October 1995, 38-40(3) |
||
| 520 | _aReviews how poor public funding and high costs are limiting the development of private nursery provision. Looks at how Jigsaw Day Nurseries constructs purpose-built accommodation on business parks, and is now looking to expand to freestanding sites, retail and leisure parks. Also considers planning problems - as experienced by Bringing Up Baby and Kindercare. | ||
| 650 | _aBUSINESS PARKS | ||
| 650 | _aCHILD CARE FACILITIES | ||
| 650 | _aJIGSAW DAY NURSERIES | ||
| 650 | _aNURSERIES | ||
| 650 | _aPLANNING PERMISSION | ||
| 690 | _aPROPERTY-PROPERTY DEVELOPMENT | ||
| 942 | _n0 | ||
| 948 | _c04/03/1997 | ||
| 999 |
_c3805 _d3805 |
||